| 000 | 01063nam a2200229Ia 4500 | ||
|---|---|---|---|
| 999 |
_c37993 _d37993 |
||
| 001 | 3977 | ||
| 003 | GE_BSU | ||
| 005 | 20190902152800.0 | ||
| 008 | 181216s1996||||ge |||||||||||||| ||geo|| | ||
| 040 | _cGE_BSU | ||
| 080 | _a37(091)+008(081) კ–71 | ||
| 100 |
_aკომახიძე, თეიმურაზ _93432 |
||
| 245 |
_aქალაქ ბათუმის განათლებისა და კულტურის ისტორიის საკითხები : _bწ. 1. / _cრედ. დ. ხახუტაიშვილი. |
||
| 264 |
_aბათუმი : _bაჭარა, _c1996. |
||
| 300 |
_a240 გვ. ; _b20 სმ. |
||
| 504 | _a ბიბლიოგრ.: გვ. 241. | ||
| 653 | _aბათუმის ისტორია | ||
| 653 | _aაჭარის განათლების ისტორია | ||
| 653 | _aაჭარის კულტურის ისტორია | ||
| 700 |
_aხახუტაიშვილი, დ. _eრედაქტორი _93863 |
||
| 942 |
_cBK _2udc |
||